LEADER 01517nam--2200397---450- 001 990002829450203316 005 20061030130639.0 035 $a000282945 035 $aUSA01000282945 035 $a(ALEPH)000282945USA01 035 $a000282945 100 $a20061026d1982----km-y0itay50------ba 101 0 $aita 102 $aIT 105 $a||||||||001yy 200 1 $a<> sequestri di persona a scopo di estorsione terrorismo od eversione$e(artt. 2, 9 ter e 10 d.l. 21 marzo 1978 n. 59, convertito con modificazioni nella l. 18 marzo 1978 n. 191 ; art. unico l. 30 dicembre 1980 n. 894; artt. 2 e 3 l. 29 maggio 1982 n. 304)$fAndrea Antonio Dalia$gappendice a cura di G. Conso 205 $a2. ed. aggiornata ed ampliata 210 $aMilano$cGiuffrè$d1982 215 $a259 p.$d24 cm 225 2 $a<> legislazione dell'emergenza$v5 410 0$12001$a<> legislazione dell'emergenza$v5 606 0 $aDiritto alla difesa 606 0 $aSequestro di persona$yItalia$iLegislazione 676 $a345.450254 700 1$aDALIA,$bAndrea Antonio$0226815 702 1$aCONSO,$bGiovanni 801 0$aIT$bsalbc$gISBD 912 $a990002829450203316 951 $aSANT.1 Coll. D 6 5$b816 DDPG$cSANT.1 Coll. D 951 $aST. D Coll. E$bDDPG$cST. D Coll. E 959 $aBK 969 $aDDPG 979 $aDDPG1$b90$c20061026$lUSA01$h1623 979 $aDDPG1$b90$c20061030$lUSA01$h1306 996 $aSequestri di persona a scopo di estorsione terrorismo od eversione$9621759 997 $aUNISA